000 00470nam a22001817a 4500
003 OSt
005 20260606124032.0
008 260606b ||||| |||| 00| 0 eng d
020 _a9789357052849
082 _a621.8 BOM
100 _aBOLTON,William
245 _aMechatronics :Electronic Control Systems in Mechanical and Electrical Engineering
250 _a7th Ed
260 _aNew Delhi
_bPearson
_c2026
300 _a691p.
650 _aDE
_93
942 _2ddc
_cBK
999 _c14016
_d14016